Szczegóły MARC21

Człowiek, który zniszczył kapitalizm : jak Jack Welch wmówił całemu pokoleniu liderów biznesu, że fuzje, redukcje i maksymalizacja zysku to najlepsza droga do rozwoju firmy /

003 -Nazwa inst., której nr kontr. jest w polu 001 [,]
    • @
    • Nazwa instytucji, której n kontrolny jest w polu 001
    • NUKAT
005 -DATA I CZAS OSTATNIEJ MODYFIKACJI [,]
    • @
    • pole kontrolne
    • 20250714163154.0
020 -Międzynarod. znormalizowany nr książki - ISBN [ , ]
    • a
    • Numer ISBN
    • 9788381755139 Find
040 -Instytucja sporządzająca opis [ , ]
    • a
    • Instytucja, która sporządziła opis (NP)
    • WR 004/MD
    • b
    • Język katalogowania
    • pol
    • e
    • Zasady katalogowania
    • rda
    • c
    • Instytucja, która sporządziła rekord (NP)
    • WR 004/MD
041 -Język dokumentu [1, ]
    • a
    • Język tekstu (P)
    • polski
    • h
    • Język tekstu oryginalnego i/lub pośredniego (P)
    • angielski
942 -Rodzaj dokumentu [ , ]
    • c
    • Rodzaj dokumentu
    • Książka
100 -Hasło główne - nazwa osobowa [1, ]
    • a
    • Nazwa osobowa (NP)
    • Gelles, David.
    • e
    • Rodzaj współpracy
    • Autor
    • 9
    • KHW
    • 719770
245 -Strefa tytułu i oznaczenia odpowiedzialności [1,0]
    • a
    • Tytuł
    • Człowiek, który zniszczył kapitalizm : Find
    • b
    • Ciąg dalszy tytułu (NP)
    • jak Jack Welch wmówił całemu pokoleniu liderów biznesu, że fuzje, redukcje i maksymalizacja zysku to najlepsza droga do rozwoju firmy / Find
    • c
    • Pozostałe elementy strefy tytułu i oznaczenia odpowiedzialności (NP)
    • David Gelles ; przekład Jacek Środa, Marek Zawiślak.
246 -Wariant tytułu [1, ]
    • i
    • Tekst wyświetlany na ekranie monitora (NP)
    • Tytuł oryginału :
    • a
    • Tytuł (NP)
    • Man who broke capitalism:
    • b
    • Ciąg dalszy tytułu (NP)
    • how Jack Welch gutted the heartland and crushed the soul of corporate america and how to undo his legacy
246 -Wariant tytułu [3,0]
    • a
    • Tytuł (NP)
    • Jak Jack Welch wmówił całemu pokoleniu liderów biznesu, że fuzje, redukcje i maksymalizacja zysku to najlepsza droga do rozwoju firmy
250 -Strefa wydania [ , ]
    • a
    • Oznaczenie wydania (NP)
    • Wydanie pierwsze.
260 -Strefa adresu wydawniczego [ , ]
    • a
    • Miejsce wydania (P)
    • Warszawa :
    • b
    • Nazwa wydawcy (P)
    • Poltext,
    • c
    • Data wydania (P)
    • 2023.
300 -Strefa opisu fizycznego [ , ]
    • a
    • Określenie formy książki i/lub objętość (NP)
    • 299, [1] strona ;
    • c
    • Format (NP)
    • 22 cm.
336 -Typ zawartości [ , ]
    • a
    • Termin opisujący typ zawartości
    • Tekst
    • b
    • Kod określający zawartość
    • txt
    • 2
    • Źródło (terminu i kodu)
    • rdacontent
337 -Typ mediów [ , ]
    • a
    • Tryb odtwarzania
    • Bez urządzenia pośredniczącego
    • b
    • Kod typu mediów
    • n
    • 2
    • Źródło (terminu i kodu)
    • rdamedia
338 -Typ/rodzaj nośnika [ , ]
    • a
    • Hasło opisujące typ nośnika
    • Wolumin
    • b
    • Kod typu nośnika
    • nc
    • 2
    • Źródło (terminu i kodu)
    • rdacarrier
380 -Deskryptor - Forma dzieła (P) [ , ]
    • a
    • forma dzieła (NP)
    • Książki
380 -Deskryptor - Forma dzieła (P) [ , ]
    • a
    • forma dzieła (NP)
    • Literatura faktu, eseje, publicystyka
388 -Deskryptor - czas powstania dzieła (P) [1, ]
    • a
    • Czas powstania dzieła (NP)
    • 2001-
490 -Strefa serii i książki wielotomowej - forma nie do wyszukiwania [1, ]
    • a
    • Tytuł (P)
    • Prześwity Find
830 -Hasło dodatkowe serii i opisu książki wielotomowej - tytuł ujednolicony/tytuł [ ,0]
    • a
    • Tytuł ujednolicony/tytuł (NP)
    • Prześwity - Poltext
    • 9
    • KHW
    • 689810
500 -Uwaga ogólna [ , ]
    • a
    • Uwaga ogólna (NP)
    • Tytuł oryginału: The man who broke capitalism : how Jack Welch gutted the heartland and crushed the soul of corporate america and how to undo his legacy.
530 -Uwaga dot. innej postaci fizycznej dokumentu [ , ]
    • a
    • Uwaga dot. innej postaci fizycznej dokumentu
    • Książka dostępna również w wersji ebook.
600 -Hasło przedmiotowe w formie nazwy osobowej [1,7]
    • a
    • Nazwa osobowa
    • Welch, Jack
    • d
    • Daty związane z nazwą
    • (1935-2020).
    • 2
    • Źródło terminu
    • kaba
    • 9
    • KHW
    • 90867
648 -Hasło przedmiotowe - chronologia [ ,7]
    • a
    • Deskryptor chronologiczny
    • 1901-2000
    • 2
    • Źródło terminu
    • DBN
    • 9
    • KHW
    • 721448
648 -Hasło przedmiotowe - chronologia [ ,7]
    • a
    • Deskryptor chronologiczny
    • 2001-
    • 2
    • Źródło terminu
    • DBN
    • 9
    • KHW
    • 721449
648 -Hasło przedmiotowe - chronologia [ ,7]
    • a
    • Deskryptor chronologiczny
    • 1945-1989
    • 2
    • Źródło terminu
    • DBN
    • 9
    • KHW
    • 721450
648 -Hasło przedmiotowe - chronologia [ ,7]
    • a
    • Deskryptor chronologiczny
    • 1989-2000
    • 2
    • Źródło terminu
    • DBN
    • 9
    • KHW
    • 721451
650 -Hasło przedmiotowe [ ,7]
    • a
    • Hasło przedmiotowe
    • Etyka biznesu.
    • 2
    • Źródło terminu
    • kaba
    • 9
    • KHW
    • 108076
650 -Hasło przedmiotowe [ ,7]
    • a
    • Hasło przedmiotowe
    • Fuzja przedsiębiorstw.
    • 2
    • Źródło terminu
    • kaba
    • 9
    • KHW
    • 109621
650 -Hasło przedmiotowe [ ,7]
    • a
    • Hasło przedmiotowe
    • Szefowie przedsiębiorstw.
    • 2
    • Źródło terminu
    • kaba
    • 9
    • KHW
    • 131969
650 -Hasło przedmiotowe [ ,7]
    • a
    • Hasło przedmiotowe
    • Kapitalizm.
    • 2
    • Źródło terminu
    • kaba
    • 9
    • KHW
    • 113949
655 -Hasło w funkcji tematu formalnego [ ,7]
    • a
    • Hasło
    • Reportaż
    • 2
    • Źródło terminu
    • DBN
    • 9
    • KHW
    • 722176
700 -Hasło dodatkowe - nazwa osobowa [1, ]
    • a
    • Nazwa osobowa (NP)
    • Środa, Jacek. Find
    • e
    • Określenie rodzaju współpracy
    • Tłumaczenie
    • 9
    • KHW
    • 49924
700 -Hasło dodatkowe - nazwa osobowa [1, ]
    • a
    • Nazwa osobowa (NP)
    • Zawiślak, Marek. Find
    • e
    • Określenie rodzaju współpracy
    • Tłumaczenie
    • 9
    • KHW
    • 49925
710 -Hasło dodatkowe - nazwa ciała zbiorowego [2, ]
    • a
    • Nazwa ciała zbiorowego lub nazwa geograficzna jako pierwszy element (NP)
    • Wydawnictwo Poltext.
    • e
    • Rodzaj współpracy
    • Wydawca
    • 4
    • Kod relacji
    • pbl
    • 9
    • KHW
    • 53400
920 -ISBN [ , ]
    • a
    • ISBN
    • 978-83-8175-513-9 Find
Numer inwentarzowy Status udost. Data inwentaryzacji Lokalizacja
E.81390-22024-01-12BE
S.98682-22024-01-12BE
S.98683-22024-01-12BE
S.98684-22024-01-12BE